Normal view
MARC view
Entry Geographic Name
001 - CONTROL NUMBER
- control field: 55541
003 - CONTROL NUMBER IDENTIFIER
- control field: MaObMVR
005 - DATE AND TIME OF LATEST TRANSACTION
- control field: 20260118173233.0
008 - FIXED-LENGTH DATA ELEMENTS
- fixed length control field: 260118|| aca||aabn | a|a d
040 ## - CATALOGING SOURCE
- Original cataloging agency: MaObMVR
- Transcribing agency: MaObMVR
151 ## - HEADING--GEOGRAPHIC NAME
- Geographic name: Vietnam
- Form subdivision: Fiction
670 ## - SOURCE DATA FOUND
- Source citation: Work cat.: (MaObMVR)129542: Hoang, Jamie Jo, author. aut. http://id.loc.gov/vocabulary/ relators/aut 42154, My mother, the mermaid chaser /
